Pediatric Nursing: (Record no. 216187)
[ view plain ]
| 000 -LEADER | |
|---|---|
| fixed length control field | 00716cam a2200241 4500 |
| 003 - CONTROL NUMBER IDENTIFIER | |
| control field | OSt |
| 005 - DATE AND TIME OF LATEST TRANSACTION | |
| control field | 20260121115605.0 |
| 008 - FIXED-LENGTH DATA ELEMENTS--GENERAL INFORMATION | |
| fixed length control field | 100609n 000 0 eng u |
| 020 ## - INTERNATIONAL STANDARD BOOK NUMBER | |
| International Standard Book Number | 9781418039462 |
| 020 ## - INTERNATIONAL STANDARD BOOK NUMBER | |
| International Standard Book Number | 1418039462 |
| 035 ## - SYSTEM CONTROL NUMBER | |
| System control number | (Sirsi) a169835 |
| 040 ## - CATALOGING SOURCE | |
| Original cataloging agency | CIP |
| Transcribing agency | unza |
| Description conventions | rda |
| 050 ## - LIBRARY OF CONGRESS CALL NUMBER | |
| Classification number | RJ245.P4 |
| Item number | POT 2007 |
| 100 ## - MAIN ENTRY--PERSONAL NAME | |
| Personal name | Potts, Nicki L |
| 245 ## - TITLE STATEMENT | |
| Title | Pediatric Nursing: |
| Remainder of title | Caring for Children and their families/ |
| Statement of responsibility, etc. | Nicki L. Potts; Barbara L. Mandleco |
| 250 ## - EDITION STATEMENT | |
| Edition statement | 2nd ed. |
| 260 ## - PUBLICATION, DISTRIBUTION, ETC. | |
| Place of publication, distribution, etc. | New York : |
| Name of publisher, distributor, etc. | Thomson, |
| Date of publication, distribution, etc. | 2007 |
| 300 ## - PHYSICAL DESCRIPTION | |
| Extent | xxxii,1342p.: |
| Other physical details | ill. |
| 504 ## - BIBLIOGRAPHY, ETC. NOTE | |
| Bibliography, etc. note | Includes bibliographical references and index |
| 650 ## - SUBJECT ADDED ENTRY--TOPICAL TERM | |
| Topical term or geographic name entry element | Pediatric nursing |
| 700 ## - ADDED ENTRY--PERSONAL NAME | |
| Personal name | Mandleco, Barbara L. |
| 942 ## - ADDED ENTRY ELEMENTS (KOHA) | |
| Source of classification or shelving scheme | Library of Congress Classification |
| Koha item type | Book |
| Withdrawn status | Lost status | Source of classification or shelving scheme | Damaged status | Not for loan | Collection code | Home library | Current library | Shelving location | Date acquired | Total Checkouts | Full call number | Barcode | Date last seen | Copy number | Cost, replacement price | Price effective from | Koha item type |
|---|---|---|---|---|---|---|---|---|---|---|---|---|---|---|---|---|---|
| Library of Congress Classification | Non-fiction | Nursing Sciences | Nursing Sciences | On Shelf | 01/21/2026 | RJ245.P4 POT 2007 | 33729004877499 | 01/21/2026 | 1 | 300.00 | 01/21/2026 | Book |